Salidas del laberinto capitalista: decrecimiento y postextractivismo

Guardat en:
Dades bibliogràfiques
Autors principals: Acosta, Alberto (Autor), Brand, Ulrich (Autor)
Format: Llibre
Idioma:espanyol
Publicat: Barcelona Icaria 2017
Edició:1a. ed
Col·lecció:Ecología, 455
Matèries:
Etiquetes: Afegir etiqueta
Sense etiquetes, Sigues el primer a etiquetar aquest registre!

MARC

LEADER 00000cam a2200000 a 4500
001 UCC3306
003 CL-VaPUC
008 180427e20170500sp |||||||||||||||||spa|d
020 |a 9788498887792 
082 0 4 |a 333.72  |b ACO  |2 21 
100 0 |a Acosta, Alberto  |e author  |9 597316 
700 0 |a Brand, Ulrich  |e author  |9 597317 
245 1 0 |a Salidas del laberinto capitalista: decrecimiento y postextractivismo 
250 |a 1a. ed 
300 |a 207 p 
942 |c BK 
945 |d 20180427 13:12:00  |a arojas 
260 |a Barcelona  |b Icaria  |c 2017 
650 7 |a SUSTENTABILIDAD  |2 CL-VaPUC  |9 527568 
650 7 |a RECURSOS RENOVABLES  |2 CL-VaPUC  |9 339698 
583 |a last modification  |c 20180427 13:12:00  |k Rodrigo Vera 
490 0 |a Ecología, 455 
999 |c 371067  |d 371065 
952 |0 0  |1 0  |3 erb  |4 0  |6 333_720000000000000_ACO_2017  |7 0  |8 A  |9 487944  |a BIBING  |b BIBING  |i 5467446  |o 333.72 ACO 2017  |p 5467446  |r 2025-01-20  |w 2019-11-24  |y BK  |z Catalogado en:20180427  |k GEO